000 00495nam a2200169Ia 4500
008 090711s9999 xx 000 0 und d
082 _b1209
100 _aप्रभावळकर दिलीप
245 _aहसगत
260 _bविश्वमोहिनी
_c1998
300 _a224
600 _aप्रभावळकर दिलीप
630 _aहसगत
700 _aप्रभावळकर दिलीप
730 _aहसगत
942 _cBOOK
999 _c334068
_d334068